| 000 | 00944cam a22002894a 4500 | ||
|---|---|---|---|
| 008 | |||
| 020 | _a9781416047223 (hbk.) | ||
| 049 | _aMAIN | ||
| 090 |
_aRC933 _bBRU |
||
| 100 | 1 | _aBruno, Michael A. | |
| 245 | 1 | 0 |
_aArthritis in color : _badvanced imaging of arthritis / _cMichael A. Bruno, Timothy J. Mosher, Garry E. Gold |
| 260 |
_aPhiladelphia : _bSaunders/Elsevier, _cc2009 |
||
| 300 |
_axii, 221 p. : _bill. (some col.) ; _c27 cm. |
||
| 504 | _aIncludes bibliographical references. | ||
| 500 | _aIncludes index. | ||
| 650 | 0 |
_aArthritis _xImaging |
|
| 650 | 1 | 2 |
_aArthritis, Rheumatoid _xdiagnosis |
| 650 | 2 | 2 |
_aDiagnostic Imaging _xmethods |
| 650 | 2 | 2 |
_aMagnetic Resonance Imaging _xmethods |
| 700 | 1 | _aMosher, Timothy. | |
| 700 | 1 | _aGold, Garry E. | |
| 907 |
_a.b10377967 _b10-12-18 _c20-02-17 |
||
| 003 | |||
| 005 | 20230120204242.0 | ||
| 040 | _cNUST | ||
| 942 |
_cBOOKS _kRC933 _mBRU |
||
| 999 |
_c119855 _d119855 |
||